000 00386nam a2200157Ia 4500
008 180921t2014 xxu||||| |||| 00| 0 eng d
041 _aeng
080 _a39
_bWIC
100 _aWickramasinghe,Martin
245 _aAspects of Sinhalese Culture
260 _bRajagiriya
_aSarasa
_c2014
300 _b176p, 21cm
942 _cBK
999 _c6186
_d6186
003 LK-CoDNM
040 _aLK-CoDNM
_dLK-CoDNM
_eLK-CoDNM